[Event "Utrecht OKU op-B"]
[Site "Utrecht"]
[Date "2000.05.20"]
[Round "3"]
[White "Pafort, Kees"]
[Black "Thuijls, Hans"]
[Result "1-0"]
[WhiteElo "1683"]
[BlackElo "1530"]
[PlyCount "53"]
[EventDate "2000.05.??"]
[EventType "swiss"]
[EventRounds "6"]
[EventCountry "NED"]
[SourceTitle "EXT 2002"]
[Source "ChessBase"]
[SourceDate "2001.11.25"]
[SourceVersion "1"]
[SourceVersionDate "2001.11.25"]
[SourceQuality "1"]

1. e4 c5 2. Nf3 Nc6 3. d4 cxd4 4. Nxd4 g6 5. c4 Bg7 6. Be3 d6 7. Nc3 Bd7 8. Be2 Nf6 9. 0-0 0-0 10. f4 Re8 11. g4 Nxd4 12. Bxd4 Bc6 13. Qc2 e5 14. fxe5 dxe5 15. Be3 Qc7 16. g5 Nd7 17. Bg4 b6 18. Qf2 Rf8 19. Rad1 Rad8 20. Nd5 Bxd5 21. cxd5 Qd6 22. Rc1 Rc8 23. Rxc8 Rxc8 24. Qxf7+ Kh8 25. Qxd7 Qxd7 26. Bxd7 Rc2 27. Be6 1-0

[Event "Utrecht OKU op-B"]
[Site "Utrecht"]
[Date "2000.05.20"]
[Round "4"]
[White "Van der Vecht, Ernst"]
[Black "Pafort, Kees"]
[Result "1/2-1/2"]
[WhiteElo "1808"]
[BlackElo "1683"]
[PlyCount "105"]
[EventDate "2000.05.??"]
[EventType "swiss"]
[EventRounds "6"]
[EventCountry "NED"]
[SourceTitle "EXT 2002"]
[Source "ChessBase"]
[SourceDate "2001.11.25"]
[SourceVersion "1"]
[SourceVersionDate "2001.11.25"]
[SourceQuality "1"]

1. e4 e5 2. Nf3 Nc6 3. Bc4 Nf6 4. Ng5 d5 5. exd5 Na5 6. Bb5+ c6 7. dxc6 bxc6 8. Be2 h6 9. Nf3 e4 10. Ne5 Bd6 11. f4 0-0 12. 0-0 Bxe5 13. fxe5 Qd4+ 14. Kh1 Qxe5 15. d4 exd3 16. Bxd3 Bg4 17. Qe1 Qxe1 18. Rxe1 Rfe8 19. Bd2 Rxe1+ 20. Bxe1 Nb7 21. Bf2 Be6 22. Nd2 a5 23. Ne4 Ng4 24. Bd4 f5 25. Nc5 Nxc5 26. Bxc5 Ne5 27. Be2 Rd8 28. Rd1 Rxd1+ 29. Bxd1 Bxa2 30. b3 Nd7 31. Bd4 Nf6 32. Kg1 Ne4 33. Bb6 a4 34. Be2 axb3 35. Bc4+ Kf8 36. Bxb3 Bxb3 37. cxb3 Ke7 38. b4 Kd6 39. Kf1 Kd5 40. Ke2 Kc4 41. Ke3 Kxb4 42. g4 Nc3 43. Bd4 Nd5+ 44. Kf3 fxg4+ 45. Kxg4 Nf6+ 46. Kf5 c5 47. Be3 Nd5 48. Bc1 Kc3 49. Kg6 Kc2 50. Ba3 c4 51. Kxg7 Kb3 52. Bc1 Nc3 53. Bxh6 1/2-1/2